ទិដ្ឋភាពទូទៅនៃអក្សរសាស្រ្តខ្មែរ (Record no. 8411)

000 -LEADER
fixed length control field 00367nam a22001097a 4500
040 ## - CATALOGING SOURCE
Transcribing agency SK
082 ## - DEWEY DECIMAL CLASSIFICATION NUMBER
Classification number 895
100 ## - MAIN ENTRY--AUTHOR NAME
Personal name នុត ណារ៉ាង
245 ## - TITLE STATEMENT
Title ទិដ្ឋភាពទូទៅនៃអក្សរសាស្រ្តខ្មែរ
260 ## - PUBLICATION, DISTRIBUTION, ETC. (IMPRINT)
Place of publication រោងពុម្ភខ្មែរ(AIK)
Name of publisher នុត​ ណារ៉ាង
Year of publication 2003
942 ## - ADDED ENTRY ELEMENTS (KOHA)
Koha item type សៀវភៅភាសាខ្មែរ

No items available.

មជ្ឈមណ្ឌលឯការនៃសាកលវិទ្យាល័យភូមិន្ទកសិកម្មចំការដូង

Powered by Koha